The andamans : (Record no. 129742)

MARC details
000 -LEADER
fixed length control field 00654nam a22002297a 4500
005 - DATE AND TIME OF LATEST TRANSACTION
control field 20170124110102.0
010 ## - LIBRARY OF CONGRESS CONTROL NUMBER
LC control number 825676
020 ## - INTERNATIONAL STANDARD BOOK NUMBER
Terms of availability 25.00
035 ## - SYSTEM CONTROL NUMBER
System control number 825676
037 ## - SOURCE OF ACQUISITION
Source of stock number/acquisition Cen Lib/Ret
040 ## - CATALOGING SOURCE
Original cataloging agency DPL
Language of cataloging EN
082 ## - DEWEY DECIMAL CLASSIFICATION NUMBER
Classification number 954.36
Item number GUP
100 ## - MAIN ENTRY--PERSONAL NAME
Personal name Gupta, Bandana
9 (RLIN) 27271
245 ## - TITLE STATEMENT
Title The andamans :
Statement of responsibility, etc by Bandana Gupta
Remainder of title land of the primitives /
260 ## - PUBLICATION, DISTRIBUTION, ETC. (IMPRINT)
Name of publisher, distributor, etc Jijnasa Publishing
Place of publication, distribution, etc Calcutta
Date of publication, distribution, etc 1976
270 ## - ADDRESS
City Calcutta
Address 33, college row,
300 ## - PHYSICAL DESCRIPTION
Extent 102p..
Dimensions 21cm(Hb)
500 ## - GENERAL NOTE
General note Includes appendix
650 ## - SUBJECT ADDED ENTRY--TOPICAL TERM
Topical term or geographic name as entry element History
Geographic subdivision Andaman islands
9 (RLIN) 27272
650 ## - SUBJECT ADDED ENTRY--TOPICAL TERM
Topical term or geographic name as entry element Culture
9 (RLIN) 27273
942 ## - ADDED ENTRY ELEMENTS (KOHA)
Source of classification or shelving scheme Dewey Decimal Classification
Koha item type English Books
Classification part 954.36
Call number suffix GUP
Holdings
Withdrawn status Lost status Damaged status Not for loan Home library Current library Date acquired Source of acquisition Cost, normal purchase price Total Checkouts Full call number Barcode Date last seen Copy number Cost, replacement price Price effective from Koha item type
        Central Library Central Library 07/07/2015 Cen Lib/Ret 25.00   954.36 GUP 825676 07/07/2015 1 25.00 07/07/2015 English Books

© Delhi Public Library
Hit Counter
free hit counter